000 00525nam a22002057a 4500
003 OSt
005 20220812134909.0
008 220812b |||||||| |||| 00| 0 eng d
020 _a0631185895
040 _cIFM Library
082 _a382
100 _aGreenaway, David (editor)
245 _aSurveys in International Trade
260 _aOxford:
_bBlackwell,
_c1994
300 _ax, 336p.:
_bill.; 24cm
500 _aInclude Reference and Index
650 _aSurvey
700 _aWinters L. Alan
942 _cBK
_2ddc
_n0
999 _c16342
_d16342